| 000 | 00694nam a2200229Ia 4500 | ||
|---|---|---|---|
| 003 | OSt | ||
| 005 | 20241009102918.0 | ||
| 008 | 210716s2003 xx 000 0 und d | ||
| 020 | _a9789350247976 | ||
| 040 | _cAIMIT LIBRARY | ||
| 041 | _aeng | ||
| 082 |
_a382.1 _220th _bCHEF |
||
| 100 |
_aCherunilam, Francis. _923784 |
||
| 245 |
_aBusiness environment : _btext and cases / _cBy Cherunilam, Francis. |
||
| 250 | _a20th ed. | ||
| 260 |
_aNew Delhi : _bHimalaya Publishing House , _c2003. |
||
| 300 |
_ax,774 p.; _c27cm. |
||
| 650 |
_aFinancial system _923785 |
||
| 650 |
_aLabour environment _923786 |
||
| 650 |
_aEconomic planning and development _923787 |
||
| 942 |
_2ddc _cBK _k382.1 CHEF |
||
| 999 |
_c200602 _d200602 |
||